[Event "Match"]
[Site "www.echecsemail.com"]
[Date "2015.12.02"]
[Round "1"]
[White "Goosebumps"]
[Black "Cristiano"]
[WhiteElo "2060"]
[BlackElo "2160"]
[Result "1/2-1/2"]
[Round "1"]
1.e4 c5
2.Nb1c3 d6
3.Ng1f3 e6
4.d4 cxd4
5.Nf3xd4 Ng8f6
6.Bf1e2 Bf8e7
7.O-O a6
8.a4 O-O
9.Bc1e3 Nb8d7
10.Rf1e1 Qd8c7
11.Be2f3 Nd7e5
12.Be3f4 Ne5xf3
13.Nd4xf3 e5
14.Bf4e3 Bc8g4
15.h3 Bg4e6
16.a5 Ra8c8
17.Nf3g5 h6
18.Ng5xe6 fxe6
19.f3 Nf6h5
20.Kh2 Be7h4
21.Re1e2 Bh4g3
22.Kg1 Nh5f4
23.Re2d2 d5
24.exd5 exd5
25.Be3xf4 Bg3xf4
26.Rd2xd5 Bf4e3
27.Kh1 Rf8d8
28.Nc3e2 Rd8xd5
29.Qd1xd5 Kh8
30.c3 Rc8d8
31.Qd5e4 Be3g5
32.Qe4c2 Rd8d2
33.Qc2e4 Rd2xb2
34.Ra1b1 Rb2xb1
35.Qe4xb1 Bg5d8
36.Qb1b4 Bd8e7
37.Qb4a4 Be7g5
38.Qa4b4 Bg5e7
39.Qb4b3 Be7d8
40.Qb3b4 Kg8
41.Ne2g3 Bd8e7
42.Qb4b3 Kh8
43.Ng3e4 Be7f8
44.Kg1 { draw }
1/2-1/2

[Event "Match"]
[Site "www.echecsemail.com"]
[Date "2015.12.02"]
[Round "1"]
[White "Ericleo1980"]
[Black "Jhw"]
[WhiteElo "2320"]
[BlackElo "1950"]
[Result "1-0"]
[Round "1"]
1.e4 c5
2.Ng1f3 e6
3.d4 d5
4.e5 Bc8d7
5.Bc1g5 f6
6.Bg5h4 Bf8e7
7.Bh4g3 Qd8a5
8.c3 cxd4
9.Qd1xd4 Nb8c6
10.Qd4g4 g6
11.Bf1d3 Ng8h6
12.Qg4h4 Nh6g8
13.Bd3xg6 Kd8
14.exf6 Be7xf6
15.Qh4h5 hxg6
16.Qh5xg6 d4
17.O-O dxc3
18.Nb1xc3 Bf6xc3
19.bxc3 Qa5xc3
20.Nf3g5 Kc8
21.Ng5f7 Bd7e8
22.Qg6xe6 Be8d7
23.Nf7d6 Kd8
24.Nd6xb7 Kc8
25.Nb7d6 Kd8
26.Nd6f7 Kc8
27.Qe6d6 Qc3a5
28.Nf7xh8 { resign }
1-0

[Event "Match"]
[Site "www.echecsemail.com"]
[Date "2015.12.02"]
[Round "1"]
[White "Orae"]
[Black "Ditto"]
[WhiteElo "1940"]
[BlackElo "1820"]
[Result "1-0"]
[Round "1"]
1.e4 e5
2.Ng1f3 Nb8c6
3.d4 exd4
4.Nf3xd4 Nc6xd4
5.Qd1xd4 c5
6.Qd4e5 Qd8e7
7.Qe5xe7 Bf8xe7
8.Bf1c4 d6
9.b3 Ng8f6
10.O-O O-O
11.Nb1d2 b6
12.a4 Rf8e8
13.Bc1b2 Bc8b7
14.Bc4b5 Re8d8
15.f3 Bb7c8
16.Ra1e1 Bc8e6
17.Nd2c4 Nf6h5
18.g4 Nh5f4
19.Nc4e3 Be7h4
20.Re1d1 Nf4h3
21.Kh1 Bh4g5
22.Ne3g2 a6
23.f4 Bg5e7
24.f5 Be6c8
25.Bb5c4 Bc8b7
26.f6 gxf6
27.Bc4d5 Bb7xd5
28.exd5 Kg7
29.Rd1e1 Rd8e8
30.Ng2h4 Ra8c8
31.Nh4f5 Kf8
32.Re1e3 Nh3g5
33.h4 c4
34.hxg5 fxg5
35.Nf5h6 f6
36.Bb2xf6 Be7xf6
37.Re3xe8 Rc8xe8
38.Rf1xf6 Kg7
39.Rf6xd6 cxb3
40.cxb3 Re8e1
41.Kg2 Re1e2
42.Kf3 Re2h2
43.Nh6f5 Kf7
44.Rd6xb6 Rh2h3
45.Kg2 Rh3d3
46.d6 Ke6
47.b4 Rd3b3
48.Rb6b7 Rb3b2
49.Kf3 Kd5
50.d7 Rb2b3
51.Ke2 Rb3b2
52.Kd1 Kc4
53.d8Q Rb2h2
54.Qd8c7 Kb3
55.Qc7xh2 { resign }
1-0

[Event "Match"]
[Site "www.echecsemail.com"]
[Date "2015.12.02"]
[Round "1"]
[White "Whitekknight"]
[Black "Goosebumps"]
[WhiteElo "1940"]
[BlackElo "2090"]
[Result "1/2-1/2"]
[Round "1"]
1.e4 d5
2.exd5 Qd8xd5
3.Nb1c3 Qd5a5
4.Ng1f3 Bc8f5
5.d4 c6
6.Bf1d3 Bf5xd3
7.Qd1xd3 e6
8.Bc1d2 Bf8e7
9.O-O Ng8f6
10.a3 Nb8d7
11.Nc3e4 Qa5b6
12.b4 O-O
13.Bd2e3 Qb6c7
14.c3 Ra8d8
15.Be3g5 h6
16.Bg5h4 Rf8e8
17.Bh4g3 Qc7c8
18.Ra1d1 Nf6xe4
19.Qd3xe4 Nd7f6
20.Qe4c2 Be7d6
21.Nf3e5 g5
22.Rf1e1 Nf6d7
23.Ne5xd7 Qc8xd7
24.Qc2d3 f5
25.Bg3xd6 Qd7xd6
26.Re1e5 Qd6f8
27.Qd3e2 Qf8f7
28.Rd1e1 Rd8d6
29.g3 Qf7f6
30.Kg2 Kf7
31.Qe2e3 Rd6d5
32.Re5xd5 cxd5
33.f3 h5
34.h3 { draw }
1/2-1/2

[Event "Match"]
[Site "www.echecsemail.com"]
[Date "2015.12.02"]
[Round "1"]
[White "Jhw"]
[Black "Shihchuliao"]
[WhiteElo "1779"]
[BlackElo "2050"]
[Result "0-1"]
[Round "1"]
1.d4 e6
2.e4 d5
3.e5 a6
4.b3 Bf8b4
5.c3 Bb4a5
6.Ng1f3 h6
7.Bf1d3 b5
8.b4 Ba5b6
9.O-O Nb8c6
10.Nb1d2 Bc8b7
11.a4 bxa4
12.Qd1xa4 Ng8e7
13.Bc1b2 O-O
14.Nf3h4 g5
15.Nh4f3 Ne7f5
16.Qa4c2 Nc6e7
17.g4 Nf5g7
18.h4 gxh4
19.Nf3xh4 a5
20.Nd2f3 Bb7c6
21.g5 hxg5
22.Nf3xg5 Ne7f5
23.f4 Bc6d7
24.Qc2h2 f6
25.Nh4g6 fxg5
26.Bd3xf5 exf5
27.Kf2 g4
28.Rf1h1 Bd7e6
29.Ng6h8 Rf8e8
30.Qh2h7 Kf8
31.Qh7g6 Re8e7
32.Qg6f6 Re7f7
33.Nh8xf7 Qd8xf6
34.exf6 Ng7e8
35.Nf7g5 Be6g8
36.Ra1e1 Ne8xf6
37.Rh1h8 axb4
38.Re1e6 Kg7
39.Re6xf6 Kxf6
40.cxb4 Kg7
41.Rh8h5 Ra8a2
42.Ke3 Ra2xb2
{ resign }
0-1

[Event "Match"]
[Site "www.echecsemail.com"]
[Date "2015.12.02"]
[Round "1"]
[White "Pinehill"]
[Black "Jhw"]
[WhiteElo "2070"]
[BlackElo "1950"]
[Result "1-0"]
[Round "1"]
1.e4 c5
2.Ng1f3 a5
3.Bf1c4 Qd8b6
4.Nb1c3 e6
5.e5 d5
6.Bc4b5 Nb8d7
7.O-O d4
8.Bb5xd7 Bc8xd7
9.Nc3e4 g6
10.d3 Bf8g7
11.Ne4d6 Ke7
12.Bc1g5 f6
13.Nd6c4 Qb6a6
14.exf6 Bg7xf6
15.Rf1e1 Bf6xg5
16.Nf3xg5 Ng8f6
17.Nc4e5 h6
18.Ne5xd7 hxg5
19.Nd7xc5 Qa6b5
20.Nc5xe6 { resign }
1-0

[Event "Eq:Clubul Central de Sah-chibcha : "]
[Site "www.chess-mail.com"]
[Date "2015.12.02"]
[Round "1"]
[White "Carazo"]
[Black "Pispindroi"]
[WhiteElo "1940"]
[BlackElo "2620"]
[Result "1-0"]
[Round "1"]
1.e4 c5
2.Bf1c4 e6
3.Ng1f3 Ng8f6
4.d3 d5
5.exd5 exd5
6.Bc4b5 Nb8d7
7.Qd1e2 Bf8e7
8.O-O O-O
9.Rf1e1 Be7d6
10.Bb5xd7 Bc8xd7
11.Bc1g5 Rf8e8
12.Qe2d2 Re8xe1
13.Qd2xe1 h6
14.Bg5h4 g5
15.Bh4xg5 hxg5
16.Nf3xg5 Bd6xh2
17.Kh1 Bh2f4
18.Ng5f3 Qd8f8
19.Kg1 Ra8e8
20.Qe1c3  { time }
1-0

[Event "Eq:Angolana Scacchi-Clubul Central de Sah : "]
[Site "www.chess-mail.com"]
[Date "2015.12.02"]
[Round "1"]
[White "Pispindroi"]
[Black "Raulazo"]
[WhiteElo "2620"]
[BlackElo "1820"]
[Result "0-1"]
[Round "1"]
1.c4 e5
2.Nb1c3 Bf8c5
3.e3 Ng8f6
4.Ng1f3 O-O
5.Nf3xe5 d6
6.Ne5f3 Rf8e8
7.Bf1e2 Bc8g4
8.h3 Bg4xf3
9.Be2xf3 c6
10.O-O Nb8d7
11.Qd1b3 Bc5b6
12.d4 Ra8b8
13.Bc1d2 c5
14.Nc3b5 Qd8e7
15.Qb3d3 a6
16.Nb5c3 Bb6c7
17.a3 cxd4
18.exd4 d5
19.c5 b6
20.Ra1e1 Qe7d8
21.c6 Nd7f8
22.Re1xe8 Qd8xe8
 { time }
0-1

[Event "Eq:Los Tercios-Clubul Central de Sah : "]
[Site "www.chess-mail.com"]
[Date "2015.12.02"]
[Round "1"]
[White "Rocadamica"]
[Black "Ericleo1980"]
[WhiteElo "2690"]
[BlackElo "2290"]
[Result "0-1"]
[Round "1"]
1.d4 d5
2.c4 c6
3.Ng1f3 Ng8f6
4.Nb1c3 e6
5.e3 Nb8d7
6.Qd1c2 Bf8d6
7.b3 O-O
8.Bf1e2 e5
9.cxd5 cxd5
10.Nc3b5 Bd6b8
11.Bc1a3 Rf8e8
12.Ra1c1 e4
 { time }
0-1

[Event "Eq:Los Tercios-Clubul Central de Sah : "]
[Site "www.chess-mail.com"]
[Date "2015.12.02"]
[Round "1"]
[White "Azorau"]
[Black "Pispindroi"]
[WhiteElo "1850"]
[BlackElo "2620"]
[Result "1-0"]
[Round "1"]
1.e4 c5
2.Ng1f3 d6
3.Bf1c4 Ng8f6
4.Nf3g5 e6
5.d4 h6
6.O-O hxg5
7.Bc1xg5 cxd4
8.Rf1e1 Qd8c7
9.Qd1xd4 d5
10.e5 dxc4
11.h3 Bf8c5
12.Qd4d2 Nf6d5
13.a4 b6
14.b4 Bc5xb4
15.c3 Bb4a5
16.Re1e4  { time }
1-0

[Event "Fast Game"]
[Site "www.echecsemail.com"]
[Date "2015.12.02"]
[Round "1"]
[White "Naujzaid"]
[Black "Powerchess"]
[WhiteElo "1539"]
[BlackElo "1389"]
[Result "1-0"]
[Round "1"]
1.d4 d5
2.c4 c6
3.Nb1c3 e6
4.cxd5 exd5
5.Ng1f3 Ng8f6
6.Bc1g5 Bf8e7
7.e3 O-O
8.Bf1d3 Nb8d7
9.Qd1c2 h6
10.h4 Rf8e8
11.O-O-O Qd8a5
12.Bg5f4 b5
13.Kb1 Nd7b6
14.Nf3e5 Bc8b7
15.g4 Nb6c4
16.g5 hxg5
17.hxg5 Nc4xe5
{ time. }
1-0

[Event "Fast Game"]
[Site "www.echecsemail.com"]
[Date "2015.12.02"]
[Round "1"]
[White "Jhw"]
[Black "Cal"]
[WhiteElo "1760"]
[BlackElo "1599"]
[Result "0-1"]
[Round "1"]
1.c4 e5
2.e3 Ng8f6
3.g3 Nb8c6
4.Bf1g2 Bf8b4
5.Bg2xc6 bxc6
6.a3 Bb4a5
7.b4 Ba5b6
8.c5 Bb6xc5
9.bxc5 d6
10.cxd6 cxd6
11.Qd1a4 Bc8d7
12.Qa4c2 O-O
13.f3 d5
14.h4 Qd8b6
15.Ng1e2 Ra8c8
16.Bc1b2 Bd7f5
17.e4 dxe4
18.fxe4 Bf5xe4
19.Qc2c3 Rf8e8
20.d3 Be4f3
21.Rh1f1 Qb6e3
22.Qc3c2 Nf6g4
23.Nb1c3 Rc8d8
24.Ra1d1 Bf3g2
25.Rf1f5 Rd8d6
{ resign }
0-1

[Event "Fast Game"]
[Site "www.echecsemail.com"]
[Date "2015.12.02"]
[Round "1"]
[White "Cal"]
[Black "Hennie4820"]
[WhiteElo "1599"]
[BlackElo "1600"]
[Result "0-1"]
[Round "1"]
1.d4 Ng8f6
2.Nb1c3 g6
3.Bc1g5 Bf8g7
4.e4 d6
5.h3 O-O
6.Bf1c4 Nb8d7
7.Ng1f3 h6
8.Bg5f4 c5
9.d5 Nd7b6
10.O-O Nb6xc4
11.b3 Nc4b6
12.e5 Nf6h5
13.Bf4h2 dxe5
14.Bh2xe5 Bg7xe5
15.Nf3xe5 Qd8d6
16.Rf1e1 Nb6d7
17.Nc3b5 Qd6b6
18.Ne5xd7 Bc8xd7
19.c4 a6
20.Nb5c3 Rf8e8
21.Re1e4 e6
22.d6 Bd7c6
23.Re4h4 Ra8d8
24.Qd1g4 Kh7
25.Ra1d1 f5
26.Qg4e2 Bc6d7
27.g4 Nh5f4
28.Qe2e5 g5
29.Rh4h5 Qb6c6
30.Qe5f6 Qc6g2
{ resign }
0-1

[Event "Tourn. n8448"]
[Site "www.chess-mail.com"]
[Date "2015.12.03"]
[Round "1"]
[White "Robert66"]
[Black "Boyc"]
[WhiteElo "1880"]
[BlackElo "1610"]
[Result "1-0"]
[Round "1"]
1.e4 e6
2.d4 d5
3.e5 c5
4.c3 Nb8c6
5.Ng1f3 Qd8b6
6.Bf1e2 cxd4
7.cxd4 Ng8e7
8.O-O Ne7f5
9.Qd1a4 Bc8d7
10.Be2b5 Nf5xd4
11.Nf3xd4 Qb6xd4
12.Qa4xd4 Nc6xd4
13.Bb5xd7 Kxd7
14.Nb1c3 Bf8b4
15.Bc1e3 Bb4xc3
16.bxc3 Nd4e2
17.Kh1 Ne2xc3
18.f3 Rh8c8
19.Rf1f2 Rc8c4
20.Rf2d2 a6
21.g3 Ra8c8
22.h4 h6
23.Kg2 b5
24.h5  { time }
1-0

[Event "Tourn. n8422"]
[Site "www.chess-mail.com"]
[Date "2015.12.03"]
[Round "1"]
[White "Greghghs"]
[Black "Rons"]
[WhiteElo "2480"]
[BlackElo "2550"]
[Result "0-1"]
[Round "1"]
1.d4 Ng8f6
2.c4 e6
3.Nb1c3 Bf8b4
4.f3 d5
5.a3 Bb4xc3
6.bxc3 c5
7.e3 O-O
8.Bf1d3 Qd8c7
9.Qd1b3 b5
10.Qb3xb5 cxd4
11.cxd4 Bc8a6
12.Qb5a4 Ba6xc4
13.Bd3xc4 Nb8d7
14.Bc1d2 Nd7b6
15.Qa4a5 Qc7xc4
16.Ng1e2 Rf8c8
17.Kf2 Qc4c6
18.Qa5b4 a5
19.Qb4b1 Qc6d6
20.Qb1d3 Nb6c4
21.g3 e5
22.Ne2c3 e4
23.fxe4 Nc4xd2
24.Qd3xd2 Rc8xc3
{ resign }
0-1

[Event "Tourn. n8500"]
[Site "www.chess-mail.com"]
[Date "2015.12.03"]
[Round "1"]
[White "Piekki"]
[Black "Llcervello"]
[WhiteElo "1770"]
[BlackElo "1680"]
[Result "1-0"]
[Round "1"]
1.e4 e5
2.Ng1f3 Nb8c6
3.Bf1b5 Nc6d4
4.Nf3xd4 exd4
5.d3 c6
6.Bb5a4 b5
7.Ba4b3 a5
8.a4 b4
9.Bc1f4 f6
10.Nb1d2 Bc8a6
11.Nd2c4 g6
12.Nc4d6 Bf8xd6
13.Bf4xd6 g5
14.Qd1h5 
1-0

[Event "Tourn. n8481"]
[Site "www.chess-mail.com"]
[Date "2015.12.03"]
[Round "1"]
[White "Luban"]
[Black "Mitja"]
[WhiteElo "2020"]
[BlackElo "2040"]
[Result "0-1"]
[Round "1"]
1.d4 d5
2.Ng1f3 e6
3.a3 c6
4.e3 Ng8f6
5.c4 dxc4
6.Bf1xc4 Nb8d7
7.Nb1c3 Nd7b6
8.Bc4e2 Bf8d6
9.e4 Bd6c7
10.O-O h6
11.h3 O-O
12.a4 Rf8e8
13.a5 Nb6d7
14.b4 a6
15.Bc1b2 Nd7f8
16.Ra1c1 b5
17.Qd1c2 Bc8b7
18.Rf1d1 Bc7f4
19.Nf3d2 Qd8xd4
20.Nc3a2 Qd4d8
21.Nd2f3 Qd8c7
22.Bb2xf6 gxf6
23.Rc1b1 Nf8g6
24.Nf3d4 Bf4e5
25.Na2c3 Be5xd4
26.Rd1xd4 Re8d8
27.Rb1d1 Rd8xd4
28.Rd1xd4 Ra8d8
29.Rd4xd8 Qc7xd8
30.Be2f3 Ng6e5
{ resign }
0-1

[Event "Tourn. n8448"]
[Site "www.chess-mail.com"]
[Date "2015.12.03"]
[Round "1"]
[White "Naujzaid"]
[Black "Boyc"]
[WhiteElo "1900"]
[BlackElo "1610"]
[Result "1-0"]
[Round "1"]
1.d4 Ng8f6
2.c4 g6
3.Nb1c3 d5
4.cxd5 Nf6xd5
5.e4 Nd5xc3
6.bxc3 Bf8g7
7.Bf1c4 c5
8.Ng1e2 Nb8c6
9.Bc1e3 O-O
10.O-O Qd8c7
11.Ra1c1 Rf8d8
12.Qd1e1 Qc7a5
13.Rc1d1  { time }
1-0

[Event "Match"]
[Site "www.echecsemail.com"]
[Date "2015.12.03"]
[Round "1"]
[White "Daviko"]
[Black "Wilddog"]
[WhiteElo "1590"]
[BlackElo "1380"]
[Result "1-0"]
[Round "1"]
1.e4 e5
2.Bf1c4 Ng8h6
3.Ng1f3 d6
4.Nb1c3 c6
5.O-O Bc8e6
6.Qd1e2 Nb8d7
7.b4 a5
8.b5 Nd7b6
9.Bc4xe6 fxe6
10.bxc6 bxc6
11.Ra1b1 d5
12.Nf3xe5 Qd8d6
13.f4 Nb6c4
14.Qe2h5 Ke7
15.Rb1b7 Kf6
16.Rb7f7 Nh6xf7
17.Qh5xf7 { resign }
1-0

[Event "Match"]
[Site "www.echecsemail.com"]
[Date "2015.12.03"]
[Round "1"]
[White "Crush"]
[Black "Genius7"]
[WhiteElo "1570"]
[BlackElo "1730"]
[Result "0-1"]
[Round "1"]
1.e4 c5
2.d4 cxd4
3.Qd1xd4 Nb8c6
4.Qd4c4 e6
5.Nb1c3 a6
6.Bc1e3 b5
7.Qc4e2 Bf8b4
8.g3 Ng8e7
9.Bf1g2 Qd8a5
10.Ng1f3 d5
11.exd5 Ne7xd5
12.O-O Bb4xc3
13.bxc3 O-O
14.Nf3g5 Bc8b7
15.Be3c5 Rf8d8
16.Qe2f3 Qa5c7
17.Qf3h5 h6
18.Ng5e4 Qc7e5
19.Qh5e2 f5
20.f4 Nd5xc3
21.Ne4xc3 Qe5xc5
22.Kh1 Qc5xc3
23.Qe2xe6 Kh8
24.Qe6xf5 Rd8d2
25.h3 Rd2xg2
26.Kxg2 Nc6d4
27.Kh2 Nd4xf5
28.h4 Qc3xc2
29.Kh3 h5
30.Rf1g1 Bb7f3
31.Ra1c1 Bf3g4

0-1

[Event "Match"]
[Site "www.echecsemail.com"]
[Date "2015.12.03"]
[Round "1"]
[White "Cristiano"]
[Black "Goofy"]
[WhiteElo "2150"]
[BlackElo "2220"]
[Result "0-1"]
[Round "1"]
1.e4 d5
2.exd5 Ng8f6
3.Nb1c3 Nf6xd5
4.d4 Bc8g4
5.Bf1e2 Bg4f5
6.Ng1f3 Nd5b4
7.Be2d3 Nb4xd3
8.cxd3 Nb8c6
9.a3 Nc6xd4
10.O-O c6
11.Rf1e1 Nd4xf3
12.Qd1xf3 Qd8xd3
13.Qf3xd3 Bf5xd3
14.Bc1f4 e6
15.Ra1c1 Bf8e7
16.Nc3e4 O-O-O
17.Ne4g5 Be7xg5
18.Bf4xg5 f6
19.Bg5e3 Kb8
20.h3 e5
21.f3 g5
22.Rc1c3 Bd3g6
23.Re1c1 h5
24.Kf2 Rd8d5
25.Ke1 Rh8d8
26.b4 Rd5d3
27.Ke2 Rd3xc3
28.Rc1xc3 Rd8d5
29.Be3c5 f5
30.Bc5e7 g4
31.hxg4 fxg4
32.fxg4 hxg4
33.g3 Kc8
34.Be7f6 Kd7
35.Rc3e3 Ke6
36.Bf6g7 e4
37.Re3c3 Rd5d3
38.a4 Rd3xc3
39.Bg7xc3 Kd5
40.Ke3 Bg6f5
41.a5 Kc4
42.Bc3d2 b6
43.axb6 axb6
44.Bd2e1 c5
45.bxc5 bxc5
46.Be1a5 Kb3
47.Kd2 c4
48.Kc1 c3
49.Ba5b6 c2
50.Bb6a7 Kc3
51.Ba7b6 Kd3
52.Bb6c5 e3
53.Bc5b4 Ke2
54.Bb4c5 Kf3
55.Bc5d4 e2
56.Bd4c3 Kf2
57.Bc3d2 e1Q
58.Bd2xe1 Kxe1
{ resign }
0-1

[Event "Match"]
[Site "www.echecsemail.com"]
[Date "2015.12.03"]
[Round "1"]
[White "Cristiano"]
[Black "Jaguar91"]
[WhiteElo "2150"]
[BlackElo "2080"]
[Result "0-1"]
[Round "1"]
1.e4 c5
2.Ng1f3 d6
3.d4 cxd4
4.Nf3xd4 Ng8f6
5.Nb1c3 a6
6.Bf1c4 e6
7.Bc1e3 Bf8e7
8.Qd1e2 Qd8c7
9.Bc4b3 Nb8d7
10.f3 O-O
11.h4 Nd7c5
12.g4 Nc5xb3
13.Nd4xb3 b5
14.h5 b4
15.Nc3a4 Nf6d7
16.g5 Qc7c6
17.g6 h6
18.Nb3d4 Qc6xa4
19.gxf7 Rf8xf7
20.Nd4xe6 Nd7e5
21.Ne6f4 Be7g5
22.Nf4d5 Ne5xf3
23.Kd1 Bc8g4
24.Be3xg5 Nf3e5
25.Nd5f6 gxf6
{ resign }
0-1

[Event "Match"]
[Site "www.echecsemail.com"]
[Date "2015.12.03"]
[Round "1"]
[White "Krystek23"]
[Black "Ericleo1980"]
[WhiteElo "2340"]
[BlackElo "2330"]
[Result "0-1"]
[Round "1"]
1.c4 c5
2.Nb1c3 Ng8f6
3.Ng1f3 d5
4.cxd5 Nf6xd5
5.e4 Nd5b4
6.a3 Nb4d3
7.Bf1xd3 Qd8xd3
8.Qd1e2 Qd3xe2
9.Nc3xe2 Nb8c6
 { time }
0-1

[Event "1/8 Finale"]
[Site "www.chess-mail.com"]
[Date "2015.12.03"]
[Round "1"]
[White "Rocadamica"]
[Black "Ostapbender"]
[WhiteElo "2690"]
[BlackElo "2740"]
[Result "0-1"]
[Round "1"]
1.d4 Ng8f6
2.c4 g6
3.Nb1c3 Bf8g7
4.e4 d6
5.Ng1f3 O-O
6.Bf1e2 e5
7.O-O Nb8c6
8.d5 Nc6e7
9.Nf3e1 Nf6d7
10.f3 f5
11.Bc1e3 f4
12.Be3f2 g5
13.Ne1d3 Ne7g6
14.c5 Nd7f6
15.a4 Rf8f7
16.a5 Bg7f8
17.a6 b6
18.Nd3b4 bxc5
19.Nb4c6 Qd8e8
20.Nc3b5 g4
21.Nb5xa7 Bc8d7
22.Bf2e1 g3
23.Na7b5 Bd7c8
24.hxg3 fxg3
25.Be1xg3 Bf8h6
26.Bg3h2 Qe8f8
27.Ra1a3 Bc8xa6
28.g3 Ba6xb5
29.Ra3xa8 Qf8xa8
30.Be2xb5 Qa8f8
 { time }
0-1

[Event "1/128 Finale"]
[Site "www.chess-mail.com"]
[Date "2015.12.03"]
[Round "1"]
[White "Passaroa25"]
[Black "Maredocla"]
[WhiteElo "1640"]
[BlackElo "2020"]
[Result "0-1"]
[Round "1"]
1.e4 c5
2.Ng1e2 Nb8c6
3.c3 Ng8f6
4.Ne2g3 g6
5.f3 Bf8g7
6.Bf1e2 d5
7.d3 dxe4
8.Ng3xe4 b6
9.Bc1e3 Bc8b7
10.Be3f2 O-O
11.Nb1d2 Nf6h5
12.O-O Nh5f4
13.Ne4g5 h6
14.Ng5e4 Nc6e5
15.Ne4g3 Ne5xd3
16.Be2xd3 Nf4xd3
17.Ra1b1 a5
18.Nd2e4 Qd8d7
19.Bf2e3 Ra8d8
20.Qd1c2 Nd3e5
21.Rb1d1 Qd7c7
22.Rd1xd8 Rf8xd8
23.f4 Ne5c4
24.Be3c1 f5
25.Ne4d2 Nc4xd2
26.Bc1xd2 Bb7a6
27.Rf1f2 b5
28.h3 b4
29.a4 e6
30.Bd2e3 Rd8d5
31.Rf2d2 b3
32.Qc2xb3 Qc7d7
33.Qb3b8 Kh7
34.Qb8b6 Rd5xd2
35.Be3xd2 Qd7xd2
36.Qb6xa6 Qd2d1
37.Ng3f1 Qd1xa4
38.Qa6xe6 Qa4xf4
39.Qe6d5 Qf4c7
40.Kh1 Qc7b6
41.Qd5a2 Qb6b5
42.Nf1d2 Qb5e2
43.Qa2d5 Qe2e1
44.Kh2 Bg7e5
45.Qd5xe5 Qe1xe5
46.Kh1 Qe5e1
47.Nd2f1 Qe1xf1
48.Kh2 Qf1b1
{ resign }
0-1

[Event "Eq:Clubul Central de Sah-chibcha : "]
[Site "www.chess-mail.com"]
[Date "2015.12.03"]
[Round "1"]
[White "Rocadamica"]
[Black "Paes19"]
[WhiteElo "2690"]
[BlackElo "2000"]
[Result "0-1"]
[Round "1"]
1.d4 d6
2.e4 Ng8f6
3.Nb1c3 e6
4.Ng1f3 Bf8e7
5.Bf1d3 h6
6.O-O a6
7.a3 Nb8c6
8.e5 dxe5
9.dxe5 Nf6d5
10.Nc3e4 O-O
11.c4 Nd5b6
12.Qd1e2 f6
13.exf6 Be7xf6
14.Ne4g3 Nc6d4
15.Nf3xd4 Bf6xd4
16.Bd3c2 c5
17.Qe2d3 Bd4xf2
18.Rf1xf2 Qd8xd3
19.Rf2xf8 Kxf8
20.Bc2xd3 Bc8d7
21.Bc1e3 Ra8c8
22.Ng3e4 Nb6a4
 { time }
0-1

[Event "Eq:Angolana Scacchi-Clubul Central de Sah : "]
[Site "www.chess-mail.com"]
[Date "2015.12.03"]
[Round "1"]
[White "Raulazo"]
[Black "Pispindroi"]
[WhiteElo "1820"]
[BlackElo "2620"]
[Result "1-0"]
[Round "1"]
1.e4 c5
2.Bf1c4 e6
3.Ng1f3 Ng8f6
4.Nb1c3 d5
5.exd5 exd5
6.Qd1e2 Bf8e7
7.Bc4b5 Kf8
8.O-O a6
9.Bb5a4 b5
10.Ba4xb5 axb5
11.Nc3xb5 Bc8a6
12.a4 Qd8b6
13.c4 dxc4
14.Rf1e1 Nb8c6
15.Qe2xc4 Ba6xb5
16.Qc4a2 Ra8xa4
17.Qa2b1 Bb5d3
18.Qb1xd3 Ra4xa1
19.Nf3g5 Nc6d4
20.Qd3c4 Qb6b3
21.Qc4xb3 Nd4xb3
22.Kf1 Ra1xc1
23.Ng5f3  { time }
1-0

[Event "Eq:Equipo Juan Diaz-Clubul Central de Sah : "]
[Site "www.chess-mail.com"]
[Date "2015.12.03"]
[Round "1"]
[White "Rocadamica"]
[Black "Yomismista"]
[WhiteElo "2730"]
[BlackElo "2520"]
[Result "0-1"]
[Round "1"]
1.e4 c5
2.Ng1f3 d6
3.d4 cxd4
4.Nf3xd4 Ng8f6
5.Nb1c3 e6
6.Bc1e3 Nb8c6
7.Qd1d2 Bf8e7
8.f3 O-O
9.O-O-O d5
10.Bf1e2 Rf8e8
 { time }
0-1

[Event "Tourn. n8457"]
[Site "www.chess-mail.com"]
[Date "2015.12.04"]
[Round "1"]
[White "Marandlen"]
[Black "Gatrooper"]
[WhiteElo "1630"]
[BlackElo "1620"]
[Result "0-1"]
[Round "1"]
1.e4 e5
2.Ng1f3 Nb8c6
3.Nb1c3 Ng8f6
4.d4 exd4
5.Nf3xd4 Nc6xd4
6.Qd1xd4 d6
7.Bf1e2 a6
8.Bc1g5 Bf8e7
9.O-O h6
10.Bg5h4 Bc8e6
11.Ra1d1 c5
12.Qd4e3 Be6g4
13.Be2xg4 Nf6xg4
14.Bh4xe7 Ng4xe3
15.Be7xd8 Ne3xf1
16.Bd8c7 O-O
17.Kxf1 Ra8c8
18.Bc7xd6 Rf8d8
19.Bd6f4 Rd8xd1
20.Nc3xd1 g5
21.Bf4e3 Rc8d8
22.Ke2 c4
23.Nd1c3 b5
24.a3 f6
25.Nc3d5 f5
26.Nd5e7 Kf7
 { time }
0-1

[Event "Tourn. n8457"]
[Site "www.chess-mail.com"]
[Date "2015.12.04"]
[Round "1"]
[White "Llcervello"]
[Black "Marandlen"]
[WhiteElo "1700"]
[BlackElo "1630"]
[Result "1-0"]
[Round "1"]
1.e4 e5
2.d3 Ng8f6
3.f3 Bf8e7
4.g4 d6
5.h4 Nf6xg4
6.Bc1g5 Ng4f6
7.c4 h6
8.Bg5xf6 Be7xf6
9.Bf1h3 Bf6xh4
10.Kd2 Qd8g5
11.Kc2 Bc8xh3
12.Rh1xh3 Qg5e7
13.Nb1c3 Bh4g5
14.Nc3d5 Qe7d7
15.b3 b5
16.a4 bxc4
17.dxc4 Nb8c6
18.Rh3g3 Nc6d4
19.Kb2 Ra8b8
20.b4 c6
21.Nd5c3 Rb8xb4
22.Ka2 Qd7b7
23.Ra1b1 Ke7
24.Rg3g2 Rh8b8
25.Ng1h3 Rb4xb1
26.Qd1xb1 Qb7xb1
27.Nc3xb1 Bg5f6
28.a5 Nd4xf3
29.Rg2e2 Ke6
30.Nb1c3 Rb8b4
31.Re2e3 Nf3d2
32.Nc3d1 Rb4xc4
33.Nd1b2 Rc4xe4
34.Re3c3 Kd7
35.Nh3f2 Re4d4
36.Nf2d1 Nd2e4
37.Rc3b3 Ne4c5
38.Rb3b8 Rd4d2
39.Rb8f8 Ke6
40.Rf8a8  { time }
1-0

[Event "Tourn. n8451"]
[Site "www.chess-mail.com"]
[Date "2015.12.04"]
[Round "1"]
[White "Cheminet"]
[Black "Louis"]
[WhiteElo "1720"]
[BlackElo "1790"]
[Result "1-0"]
[Round "1"]
1.e4 e5
2.Ng1f3 Nb8c6
3.Bf1c4 Bf8c5
4.d3 Ng8f6
5.Bc1g5 h6
6.Bg5xf6 Qd8xf6
7.Nb1c3 d6
8.Nc3d5 Qf6d8
9.c3 a6
10.b4 Bc5a7
11.d4 exd4
12.Nf3xd4 Nc6xd4
13.cxd4 c6
14.Nd5e3 b5
15.Bc4b3 O-O
16.O-O Kh8
17.Ne3f5 Bc8xf5
18.exf5 Qd8f6
19.d5 Qf6b2
20.dxc6 Ra8c8
21.Ra1c1 Qb2e5
22.Qd1h5 Qe5e4
23.f6 Qe4g6
24.Qh5xg6 { resign }
1-0

[Event "Tourn. n8447"]
[Site "www.chess-mail.com"]
[Date "2015.12.04"]
[Round "1"]
[White "Naujzaid"]
[Black "Francesco"]
[WhiteElo "1900"]
[BlackElo "1920"]
[Result "1-0"]
[Round "1"]
1.d4 d5
2.c4 c6
3.Nb1c3 Bc8g4
4.cxd5 cxd5
5.Qd1b3 b6
6.Qb3xd5 Qd8xd5
7.Nc3xd5 Nb8a6
8.e3 e6
9.Bf1xa6 exd5
10.Bc1d2 Ng8f6
11.f3 Bg4f5
12.Ba6b5 Bf5d7
13.Bb5xd7 Kxd7
14.Ng1e2 Bf8d6
15.Ra1c1 Rh8e8
16.O-O Ra8c8
17.a3 h5
18.g3 Re8h8
19.Kf2 h4
20.Rc1xc8 hxg3
21.hxg3 Rh8xc8
22.Rf1c1 Rc8h8
23.Kg2 Rh8h6
24.e4 dxe4
25.Bd2xh6 exf3
26.Kxf3 gxh6
27.Ne2f4 h5
28.Rc1h1 Bd6xf4
29.gxf4 Kd6
30.Rh1e1 Kd5
31.Re1e7 Kxd4
32.Re7xf7 { resign }
1-0

[Event "Tourn. n8407"]
[Site "www.chess-mail.com"]
[Date "2015.12.04"]
[Round "1"]
[White "Nikas"]
[Black "Yvan"]
[WhiteElo "1499"]
[BlackElo "999"]
[Result "1-0"]
[Round "1"]
1.e4 e5
2.Ng1f3 Nb8c6
3.Bf1b5 Ng8f6
4.Bb5xc6 dxc6
5.O-O Bc8g4
6.Nb1c3 Bf8b4
7.Qd1e2 O-O
8.Qe2e3 Bg4xf3
9.Qe3xf3 Qd8d4
10.a3 Bb4xc3
11.bxc3 Qd4xe4
12.Qf3xe4 Nf6xe4
13.Rf1e1 Ne4d6
14.Re1xe5 f6
15.Re5e7 Rf8e8
16.Re7xe8 Ra8xe8
17.Kf1 g5
18.d3 Kf7
19.Bc1b2 c5
20.a4 a5
21.Bb2a3 b6
22.c4  { time }
1-0

[Event "Tourn. n8479"]
[Site "www.chess-mail.com"]
[Date "2015.12.04"]
[Round "1"]
[White "Osmundw"]
[Black "Gatrooper"]
[WhiteElo "1560"]
[BlackElo "1560"]
[Result "0-1"]
[Round "1"]
1.e4 e5
2.d3 h6
3.Ng1f3 Nb8c6
4.h4 Ng8f6
5.Bc1g5 hxg5
6.hxg5 Rh8xh1
7.gxf6 Qd8xf6
8.g4 Nc6d4
9.g5 Nd4xf3
10.Qd1xf3 Qf6xf3
11.Nb1d2 Qf3f4
12.Nd2c4 Bf8c5
13.Nc4xe5 Qf4xf2
{ resign }
0-1

[Event "Tourn. n8427"]
[Site "www.chess-mail.com"]
[Date "2015.12.04"]
[Round "1"]
[White "Norlavuaram"]
[Black "Liencam2"]
[WhiteElo "2190"]
[BlackElo "2290"]
[Result "1/2-1/2"]
[Round "1"]
1.e4 c5
2.Ng1f3 e6
3.c4 a6
4.Nb1c3 Qd8c7
5.g3 b6
6.Bf1g2 Bc8b7
7.O-O d6
8.d3 Bf8e7
9.Bc1e3 Ng8f6
10.h3 Nb8c6
11.a3 O-O
12.Ra1b1 Ra8d8
13.Qd1d2 d5
14.exd5 exd5
15.cxd5 Nf6xd5
16.Nc3xd5 Rd8xd5
17.Rb1d1 Rf8d8
18.Qd2c2 Qc7b8
19.Be3f4 Be7d6
20.Bf4e3 h6
21.Qc2c4 Nc6a5
22.Qc4g4 Bb7c8
23.Qg4h4 Bd6f8
24.d4 Na5b3
25.Nf3d2 Nb3xd2
26.Rd1xd2 Rd5d7
27.Rf1d1 Bc8b7
28.dxc5 Rd7xd2
29.Rd1xd2 Rd8xd2
30.Be3xd2 Bb7xg2
31.Kxg2 Qb8b7
32.Kh2 Bf8xc5
33.Qh4f4 Qb7d5
34.Bd2c3 Qd5d1
35.Kg2 Qd1d5
36.Kh2 Bc5d6
37.Qf4d2 Qd5xd2
38.Bc3xd2 Bd6e5
39.b3 h5
40.Kg2 g6
41.Kf3 Be5d6
42.a4 Kf8
43.Ke4 Bd6c5
44.f4 f5
45.Kf3 Kf7
46.g4 hxg4
47.hxg4 Ke6
48.Bd2c3 Kd5
49.gxf5 gxf5
50.Bc3f6 Bc5d4
51.Bf6e7 Bd4c3
52.Ke3 Bc3b2
53.Kd3 Bb2c1
54.Be7g5 Bc1a3
55.Bg5d8 b5
56.axb5 axb5
57.Bd8f6 Ba3d6
58.Bf6g5 Bd6c5
59.Bg5f6 Bc5d6
{ draw }
1/2-1/2